| 000 | 01060nam a22003617a 4500 | ||
|---|---|---|---|
| 001 | 0007794 | ||
| 003 | KOHA_MİRAKIL | ||
| 005 | 20260207001611.0 | ||
| 007 | ta | ||
| 008 | 091005b1997 tu |||gr||||#||||0|tur | | ||
| 020 |
_a9757539619 _c0,01 |
||
| 040 |
_aTR-BiSEU _btur _cTR-BiSEU _erda |
||
| 041 | 0 | _atur | |
| 044 | _ctu | ||
| 050 |
_aHG4523 _b.E74 1997 |
||
| 100 | 1 | _aErgeç, Fulya. | |
| 245 | 1 |
_aRüçhan hakkının kantitatif modeller ile fiyatlandırılması/ _cFulya Ergeç ; Fulya Ergeç. |
|
| 264 | 1 |
_aAnkara : _bSermaye Piyasası Kurulu _c1997 |
|
| 300 | _aXVII, 246 sayfa | ||
| 336 |
_ametin _btxt _2rdacontent |
||
| 337 |
_aaracısız _bn _2rdamedia |
||
| 338 |
_acilt _bnc _2rdacarrier |
||
| 490 | 1 |
_aYayın ; _vno. |
|
| 490 | 1 | _a65. | |
| 500 | _aKaynakça var. | ||
| 650 | 0 |
_aCapital market--Mathemathical models. _919351 |
|
| 650 | 0 |
_aBonds. _919352 |
|
| 650 | 0 |
_aStock exchange--Turkey. _911234 |
|
| 650 | 0 |
_aStock certificates--Turkey. _910119 |
|
| 830 | 1 |
_aYayın ; _vno. _91557 |
|
| 830 | 1 |
_a65. _919353 |
|
| 942 |
_2lcc _cBK |
||
| 999 |
_c7771 _d7771 |
||